Bank of America's guide to telecommunications in Asia.

Bibliographic Details
Format: Book
Published: Hong Kong: Asia Law & Practice, 1996.
Subjects:
LEADER 00460cam a2200157 7i4500
001 0000005443
005 19991025090000.0
002 ##000007076
020 0 0 |a 962-7708--81-X  
090 0 0 |a Asia 384   |b BAN 
245 0 0 |a Bank of America's guide to telecommunications in Asia. 
260 0 0 |a Hong Kong:   |b Asia Law & Practice,   |c 1996. 
300 0 0 |a 204 p.. 
650 0 0 |a Telecommunications --   |z Asia  
651 0 0 |a Asia  
999 |a 0000008335  |b Book  |c Open shelf  |e Business Information Centre